000 00585nam a22001937a 4500
003 SEM
005 20260331114350.0
008 260331s2020 ai ||||gr||||||01|0|arm|d
040 _aSEM
_cSEM
041 _aarm
080 _a891.981-1/Չ-51
100 _aՉիբուխչյան, Լյուբիկ
245 _aՔառաթև խաչաթռչուն ։
_bՁոն /
_cԼ․ Չիբուխչյան
260 _aԱ․ տ․ ։
_bԱ․ հ․,
_c2020․
300 _a80 էջ ;
_bնկ․ ;
_c19 սմ
650 _aՀայ գրականություն
_xպոեմ
653 _aՍԷՄ
942 _2udc
_cBK
_n0
999 _c77218
_d77218